Most Populated US States - Statistics

General Stats
  • This quiz has been taken 68 times
  • The average score is 16 of 50
Answer Stats
Rank Answer % Correct
1st California
100%
2nd Texas
96%
3rd Florida
95%
4th New York
89%
5th Illinois
70%
6th Pennsylvania
64%
7th Ohio
55%
50th Wyoming
54%
8th Georgia
48%
48th Alaska
43%
10th Michigan
41%
49th Vermont
36%
41st Maine
32%
44th Montana
32%
47th North Dakota
32%
43rd Rhode Island
32%
12th Virginia
32%
13th Washington
32%
14th Massachusetts
30%
15th Arizona
29%
16th Indiana
29%
9th North Carolina
29%
46th South Dakota
29%
45th Delaware
27%
19th Maryland
27%
11th New Jersey
27%
22nd Colorado
23%
40th Hawaii
23%
39th Idaho
23%
42nd New Hampshire
23%
18th Missouri
21%
35th Nevada
21%
17th Tennessee
21%
23rd Alabama
20%
29th Connecticut
20%
25th Louisiana
20%
27th Oregon
20%
33rd Utah
20%
26th Kentucky
18%
21st Minnesota
18%
24th South Carolina
18%
32nd Arkansas
16%
31st Mississippi
16%
36th New Mexico
16%
30th Iowa
14%
20th Wisconsin
14%
34th Kansas
13%
37th Nebraska
13%
28th Oklahoma
13%
38th West Virginia
11%
No matching quizzes found
Score Distribution
Percent of People with Each Score
Percentile by Number Answered
Your Score History
You have not taken this quiz